000
00317nam a22001457a 4500
003
OSt
005
20170105103446.0
008
131203t xxu||||| |||| 00| 0 eng d
020
_a
0-12-455851-8
040
_c
ASAB
100
_a
Michael T Lotze
_9
381
245
_a
Dendritic Cells
250
_a
2nd Ed.
942
_2
ddc
_c
BK
999
_c
16651
_d
16651